Η μουσική των υπολογιστών : ο ήχος, τα βασικά χαρακτηριστικά του και η γέννησή του από τον υπολογιστή
Αποθηκεύτηκε σε:
| Κύριος συγγραφέας: | |
|---|---|
| Μορφή: | Βιβλίο |
| Γλώσσα: | Greek |
| Δημοσίευση: |
Αθήνα :
Ίων,
c2014.
|
| Θέματα: | |
| Ετικέτες: |
Προσθήκη ετικέτας
Δεν υπάρχουν, Καταχωρήστε ετικέτα πρώτοι!
|
MARC
| LEADER | 00000cam a2200000 a 4500 | ||
|---|---|---|---|
| 001 | 1/111329 | ||
| 008 | 160711s2014####gr | ||| |||| ||gre|| | ||
| 020 | |a 9789605081225 | ||
| 040 | |a GR-MyUa |b gre |c GR-MyUa |e AACR2 | ||
| 041 | 0 | |a gre | |
| 082 | 7 | |a 781.34 |2 (23) | |
| 100 | 1 | |a Διαμαντόπουλος, Ταξιάρχης. | |
| 245 | 1 | 2 | |a Η μουσική των υπολογιστών : |b ο ήχος, τα βασικά χαρακτηριστικά του και η γέννησή του από τον υπολογιστή / |c Ταξιάρχης Διαμαντόπουλος. |
| 260 | |a Αθήνα : |b Ίων, |c c2014. | ||
| 300 | |a 414 σ. ; |c 24 εκ. | ||
| 504 | |a Βιβλιογραφία: σ. [389]-406. Ευρετήριο. | ||
| 650 | 0 | |a Computer composition. | |
| 650 | 0 | |a Computer sound processing. | |
| 650 | 0 | |a Software synthesizers. | |
| 852 | |a INST |b SYROS |c EUDOXUS |e 20160711 |h 781.34 ΔΙΑ |p 005500012659 |q 005500012659 |t EDX |y 0 | ||
| 920 | |a Εύδοξος |b Παραγγελία |y Σύρος-ΤΜΣΠΣ |z 2016-05 | ||
| 970 | |a Κοντού |b Παρασκευή |z 11/07/2016 | ||